Elements of the system dynamics method
Saved in:
| Other Authors: | |
|---|---|
| Format: | Book |
| Language: | English |
| Published: |
Cambridge, Mass :
Productivity press,
c1980.
|
| Subjects: | |
| Tags: |
Add Tag
No Tags, Be the first to tag this record!
|
MARC
| LEADER | 00000cam a2200000 i 4500 | ||
|---|---|---|---|
| 001 | 1/9415 | ||
| 008 | 000811s1980 mau| ||| |||| ||eng|| | ||
| 020 | |a 0915299399 | ||
| 035 | |l 10063042 | ||
| 040 | |a GR-MyUA |b gre |e AACR2 | ||
| 041 | 0 | |a eng | |
| 082 | 0 | |a 300.151 |2 (21) | |
| 245 | 1 | 0 | |a Elements of the system dynamics method / |c edited by Jorgen Randers. |
| 260 | |a Cambridge, Mass : |b Productivity press, |c c1980. | ||
| 300 | |a xxiv, 320 σ. : |b εικ. ; |c 24 εκ. | ||
| 500 | |a "Previously published by MIT Press" - t.p. verso | ||
| 504 | |a Περιέχει βιβλιογραφικές αναφορές και ευρετήριο. | ||
| 650 | 0 | 0 | |a Social sciences |x Mathematical models |x Congresses. |
| 650 | 0 | 0 | |a System analysis |x Congresses. |
| 700 | 1 | |a Randers, Jorgen, |e edt | |
| 852 | |a INST |b SAMOS |e 20000811 |h 300.151 ELE |p 005300019450 |q 005300019450 |t BK |y 0 | ||
| 852 | |a INST |b SAMOS |e 20000811 |h 300.151 ELE |p 005300019451 |q 005300019451 |t BK |y 0 | ||
| 852 | |a INST |b SYROS |e 20000811 |h 300.151 ELE |p 005500000384 |q 005500000384 |t BK |y 0 | ||
| 901 | |a BIBL3-2000-2 | ||
| 909 | |a Σ |b 079212 | ||
| 909 | |a Σ |b 079213 | ||
| 909 | |a Ε |b 079214 | ||
| 922 | |a 3ΕΛΗ |b 200002 |c ΤΠΕΣ/ΠΟΛ |d LEADER | ||
| 922 | |a 5ΕΛΗ |b 200002 |c ΤΠΕΣ/ΠΟΛ |d LEADER | ||
| 970 | |a ΜΑΛΑΓΑΡΗ |b ΦΩΤΕΙΝΗ |z 2000/08/11 | ||